Los gladiadores: Parias sociales y privilegiados

Kaydedildi:
Detaylı Bibliyografya
Yazar: Cubillos Poblete, Marcela (Yazar)
Materyal Türü: Kitap
Dil:İspanyolca
Baskı/Yayın Bilgisi: Viña del Mar Pontificia Universidad Católica de Valparaíso. Instituto de Historia 2004
Konular:
Etiketler: Etiketle
Etiket eklenmemiş, İlk siz ekleyin!

MARC

LEADER 00000nam a2200000 a 4500
001 UCG1187
003 CL-VaPUC
005 20241014131101.0
008 100422e20040000cl 1 spa d
082 0 4 |a 937  |b CUB  |2 21 
100 1 |a Cubillos Poblete, Marcela  |e author  |9 621603 
245 1 4 |a Los gladiadores: Parias sociales y privilegiados 
246 1 0 |a XXI Semana de Estudios Romanos 
260 |a Viña del Mar  |b Pontificia Universidad Católica de Valparaíso. Instituto de Historia  |c 2004 
583 |a last modification  |c 20100422 00:00:00  |k Rodrigo Vera 
650 0 0 |a Historia antigua  |9 267521 
650 0 7 |a GLADIADORES  |2 CL-VaPUC  |9 592441 
650 0 0 |a Imperio Romano  |9 322785 
650 0 7 |a CIRCO ROMANO  |2 CL-VaPUC  |9 592442 
942 |c BK 
945 |a dcastane  |d 20100422 00:00:00 
546 |a En Español 
536 |a Pontificia Universidad Católica de Valparaíso. Instituto de Historia 
518 |p Semana de Estudios Romanos, 21, Viña del Mar, 26 al 29 octubre 2004 
999 |c 384541  |d 384539